Komplexní automatizace 1 Informační studie k 2. prioritnímu směru Komplexního programu VTP zemí RVHP do roku 2010
Guardado en:
| Autor principal: | |
|---|---|
| Formato: | Libro |
| Lenguaje: | checo |
| Publicado: |
Praha
Ústředí vědeckých, technických a ekonomických informací
1988
|
| Etiquetas: |
Sin Etiquetas, Sea el primero en etiquetar este registro!
|
MARC
| LEADER | 00000nam a2200000 4500 | ||
|---|---|---|---|
| 001 | c033367 | ||
| 005 | 20251111105220.7 | ||
| 041 | 0 | |a cze | |
| 044 | |a CZ | ||
| 245 | 1 | 0 | |a Komplexní automatizace 1 |b Informační studie k 2. prioritnímu směru Komplexního programu VTP zemí RVHP do roku 2010 |c Evžen Sidorin a kol. |
| 264 | 1 | |a Praha |b Ústředí vědeckých, technických a ekonomických informací |c 1988 | |
| 300 | |a 92 s. | ||
| 100 | 1 | |a Sidorin, Evžen | |